The art of southeast asia (Record no. 8242)
[ view plain ]
| 000 -LEADER | |
|---|---|
| fixed length control field | 00264nam a2200121 4500 |
| 003 - CONTROL NUMBER IDENTIFIER | |
| control field | OSt |
| 005 - DATE AND TIME OF LATEST TRANSACTION | |
| control field | 20201007120936.0 |
| 008 - FIXED-LENGTH DATA ELEMENTS--GENERAL INFORMATION | |
| fixed length control field | 201007b ||||| |||| 00| 0 eng d |
| 020 ## - INTERNATIONAL STANDARD BOOK NUMBER | |
| International Standard Book Number | 709.59 |
| 082 ## - DEWEY DECIMAL CLASSIFICATION NUMBER | |
| Classification number | 709.59 |
| Item number | RAW |
| 245 ## - TITLE STATEMENT | |
| Title | The art of southeast asia |
| 942 ## - ADDED ENTRY ELEMENTS (KOHA) | |
| Source of classification or shelving scheme | |
| Withdrawn status | Lost status | Source of classification or shelving scheme | Damaged status | Koha normalized classification for sorting | Not for loan | Permanent location | Current location | Date acquired | Full call number | Barcode | Date last seen | Price effective from | Koha item type |
|---|---|---|---|---|---|---|---|---|---|---|---|---|---|
| 709_590000000000000_RAW | BMS College of Architecture, Design and Planning | BMS College of Architecture, Design and Planning | 2020-10-07 | 709.59 RAW | CL-UG45094 | 2020-10-07 | 2020-10-07 | UG Books from CL |